000 00577nam a22002297a 4500
003 IT-MiCISF
005 20241223115407.0
008 180808b ||||| |||| 00| 0 eng d
040 _cIT-MiCISF
041 _ait
100 _aVivian Dario
_956245
222 _a11255498
245 _aAmoris Laetitia: prospettive pastorali
250 _a"Matrimonio", n. 1, marzo
260 _c2017
300 _app. 4-10
310 _atrimestrale
500 _amagistero, pastorale-familiare
650 _apastorale-familiare
_956039
654 _aarticolo
942 _2ddc
_cCR
999 _c357965
_d357965